| 000 | nam a22 a 4500 | ||
|---|---|---|---|
| 999 |
_c128560 _d128560 |
||
| 003 | BLK | ||
| 005 | 20201014132316.0 | ||
| 008 | 180409b bul|||||r ||||||| ||bul|| | ||
| 010 | _aKNG00134283000 | ||
| 040 | _aBLK | ||
| 041 |
_aBUL _cBUL |
||
| 072 | 7 |
_2bullib _aЦ _xРедки и ценни |
|
| 080 |
_aМорални, физически и стопански последици от войните _b355.018 _z355.018 |
||
| 139 |
_aБлиох, Иван Станиславович _bБ 49 |
||
| 245 | 1 | 0 |
_aБъдещата война _bИзвлеч. от едноименното рус. съчинение на държ. съветник Иван Блох _c* Иван Блох; * Иван Станиславович Блиох; прев. от нем. Д. П. Дабков. |
| 257 | _aRUS | ||
| 260 |
_bкниж. Е. п. Христов _c1899 _fВарна : печ. Зора _aТърново |
||
| 300 |
_a101 с. _c20 см |
||
| 380 | _a3 | ||
| 490 | 1 |
_aДомашна библиотека _v№ 4 |
|
| 490 |
_aКолекция Редки и ценни издания _9435080 |
||
| 500 | _aИмето на авт. е Иван Станиславович Блиох, руски финансист. - Прев. от нем. изд. ; Ориг. загл. Будущая война, ее экономические причины и последствия. | ||
| 650 | 4 |
_aВойни - икономически интереси _9299689 |
|
| 653 | _aвойни | ||
| 659 | _aЦ | ||
| 700 | 1 |
_aБлох, Иван _e* _9377899 |
|
| 700 | 1 |
_aБлиох, Иван Станиславович _e* _939669 |
|
| 700 | 1 |
_aДабков, Д. П. _eпрев. от нем. _9321273 |
|
| 852 |
_aРб 899 _bРц |
||
| 856 | 4 | _qpdf | |
| 856 | 4 | _qpdf | |
| 942 |
_cKNG _n0 _s1 |
||
| 944 |
_aCR _c26.09.2012 _lф / 26.09.2012 _kНаталия_Медовщикова |
||
| 944 |
_aED _c26.09.2012 _lф / 26.09.2012 |
||
| 999 | _d128560 | ||